Wszystkie przystanki linii tramwajowej numer 6 we Wrocławiu - Statystyki

Ogólne statystyki
  • Ten quiz został rozwiązany 14 razy
  • Średni wynik to 16 z 21
Statystyki odpowiedzi
Hint Odpowiedź % Poprawnych
13 Arkady Capitol
92%
1 Kromera
92%
8 Dubois
85%
21 Krzyki
85%
2 Mosty Warszawskie
85%
10 Rynek
85%
18 Hallera
77%
19 Jastrzębia
77%
5 Jedności Narodowej
77%
6 Na szańcach
77%
20 Orla
77%
7 pl. Bema
77%
16 Rondo
77%
9 Uniwersytet Wrocławski
77%
15 Wielka
77%
3 Daszyńskiego
69%
11 Narodowe Forum Muzyki
69%
12 Renoma
69%
17 Sztabowa
69%
4 Nowowiejska
62%
14 Zaolziańska
62%
Nie znaleziono quizów pasujących do podanych kryteriów
Rozkład punktacji
Procent ludzi z każdym wynikiem
Percentyl według liczby udzielonych odpowiedzi
Twoja historia wyników
Nie rozwiązałeś tego quizu